000 00922cam a22001935a 4500
001 L140647
008 071003s1934 xxka e 000 0 eng d
035 _a(Sirsi) u140647
041 0 _aeng
110 2 _aLondon Topographical Society
_9106
245 0 2 _aA selection of eight drawings and views of Kensington
_bby deceased artists from the originals in the collection of the Kensington Public Library
260 _aLondon
_bLondon Topographical Society
_c1934
300 _a8 sheets
_bill., in folder
_c36 cm.
505 2 _aSheffield House, Kensington -- The Hoop and Toy, Brompton -- The White Horse Inn, Kensington Road -- Campden House, Kensington -- Water-House, Kensington Palace -- Toll-Gate, Notting Hill Gate -- Grove House, Brompton --The Royal Palace of Kensington
520 _aBlack and white reproductions of drawings housed in a folder.
651 4 _aLondon
690 _aBUILT ENVIRONMENT
942 _n0
999 _c107529
_d107529